يادداشتهاى قزوينى /Yadadashthay Qazvini / (Record no. 82798)
[ view plain ]
| 000 -LEADER | |
|---|---|
| fixed length control field | 01804nam a2200421 a 4500 |
| 001 - CONTROL NUMBER | |
| control field | 82798 |
| 003 - CONTROL NUMBER IDENTIFIER | |
| rucl marc code | BD-RjUL |
| 005 - DATE AND TIME OF LATEST TRANSACTION | |
| control field | 20240127135124.0 |
| 008 - FIXED-LENGTH DATA ELEMENTS--GENERAL INFORMATION | |
| fixed length control field | 050527s1953 ir 000 0 per d |
| 035 ## - SYSTEM CONTROL NUMBER | |
| System control number | (BD-RjUL)82798 |
| 040 ## - CATALOGING SOURCE | |
| Original cataloging agency | NNL |
| Language of cataloging | ara |
| Transcribing agency | BD-RjUL |
| 041 ## - LANGUAGE CODE | |
| Language code of text/sound track or separate title | per |
| 082 ## - DEWEY DECIMAL CLASSIFICATION NUMBER | |
| Edition number | 23 |
| Classification number | 297.03 |
| Author mark and year | QAY 1953 |
| 100 1# - MAIN ENTRY--PERSONAL NAME | |
| Personal name | قزوينى، محمد، ;; Qazwini, Muhammad, |
| Dates associated with a name | 1877-1949 |
| 9 (RLIN) | 11152 |
| 245 10 - TITLE STATEMENT | |
| Title | يادداشتهاى قزوينى /Yadadashthay Qazvini / |
| Statement of responsibility, etc. | محمد قزويني ;; Muhammad Qazwini, |
| 260 ## - PUBLICATION, DISTRIBUTION, ETC. (IMPRINT) | |
| Place of publication, distribution, etc. | تهران : |
| Name of publisher, distributor, etc. | چاپخانۀ دانشگاه، |
| Date of publication, distribution, etc. | ١٣٣٢-١٣٤٥[ش]. |
| 300 ## - PHYSICAL DESCRIPTION | |
| Pagination | ٧ مجلدات. |
| 490 1# - SERIES STATEMENT | |
| Series statement | ;انتشارات دانشگاه تهران ؛ |
| Volume/sequential designation | ١٨٧، |
| 500 ## - GENERAL NOTE | |
| General note | جلد ٢-٦، :٨ بكوشش ايرج افشار. |
| General note | للمجلد ٤-٦، ٨ عنوان ثان باللغة الفرنسية هذه صورته: |
| General note | Yaddasht-haye Qazvini. |
| General note | مضمونه: |
| General note | ج :١ حرف الف. ١٣٣٢. |
| General note | ج :٢ ب، ت، ث، ج. ١٣٣٣. |
| General note | ج :٣ يادداشتهاى موقتى. ١٣٣٦. |
| General note | ج :٤ ب، پ، ت، ح، خ، د، ذ. ١٣٣٧. |
| General note | ج :٥ ر-ظ. ١٣٣٩. |
| General note | ج :٦ ع-گ. ١٣٤١. |
| General note | ج :٨ فهرس كتابخانه - وفيات معاصرين - دستور المنجمين - اصطلاحات وامثال. |
| General note | يوجد ايضا في الفهرست الافرنجي حسب: |
| General note | Kazwini, Muhammad ibn 'Abd al-Wahhab. |
| 505 ## - FORMATTED CONTENTS NOTE | |
| Formatted contents note | Vol.1.-- |
| 650 #4 - SUBJECT ADDED ENTRY--TOPICAL TERM | |
| Topical term or geographic name as entry element | Encyclopedias and dictionaries, Persian |
| 9 (RLIN) | 11153 |
| Topical term or geographic name as entry element | Islam |
| Form subdivision | Dictionaries |
| 9 (RLIN) | 11154 |
| 700 1# - ADDED ENTRY--PERSONAL NAME | |
| Personal name | افشار، ايرج، |
| Dates associated with a name | 1925-2011 |
| 830 #0 - SERIES ADDED ENTRY--UNIFORM TITLE | |
| Uniform title | انتشارات دانشگاه تهران ; |
| Volume number/sequential designation | ١٨٧. |
| 942 ## - ADDED ENTRY ELEMENTS (KOHA) | |
| Source of classification or shelving scheme | Dewey Decimal Classification |
| Koha item type | Books |
| Lost status | Source of classification or shelving scheme | Damaged status | Not for loan | Collection code | Permanent Location | Current Location | Shelving location | Date acquired | Full call number | Date last seen | Copy number | Koha item type |
|---|---|---|---|---|---|---|---|---|---|---|---|---|
| Dewey Decimal Classification | Not For Loan | Non-fiction | Central Library, University of Rajshahi | Central Library, University of Rajshahi | Reference | 27/01/2024 | RF 297.03 QAY V-1 1953 | 27/01/2024 | C-1 | Reference |